000
00355pab a2200157 454500
008
180718b1986 xxu||||| |||| 00| 0 eng d
100
_a
Novak, Michael
245
_a
Poverty down, inequality up
260
_c
1986
300
_a
49-56
362
_a
Spring
650
_a
Poverty
700
_a
Gordon Green
773
_a
Public Interest
909
_a
15743
999
_c
15743
_d
15743